| 000 | 00597nam a2200193Ia 4500 | ||
|---|---|---|---|
| 003 | GCL | ||
| 008 | 140319s9999 xx 000 0 ara d | ||
| 040 |
_aGCL / _cGCL |
||
| 082 | 0 | 4 |
_a229.7 _bر ا |
| 245 | 1 | 0 | _aاعجاز القران الكريم فى وصف انواع الرياح والسحاب والمطر |
| 260 |
_aالرياض : _bرابطة العالم الاسلامى |
||
| 300 |
_a117 ص ؛ _c24 سم |
||
| 490 | _a | ||
| 650 | 0 | 4 | _aالرياح |
| 650 | 0 | 4 | _aالسحاب |
| 650 | 0 | 4 | _aالقران - اعجاز |
| 650 | 0 | 4 | _aالظواهر الطبيعية |
| 942 |
_2ddc _cBK |
||
| 999 |
_c34619 _d34619 |
||